00970cam a2200253 a 450000100100000000500170001000800410002702000150006802000150008304000250009808200170012310000380014024501090017826000350028730000280032244000290035050400550037965000490043465000360048370000470051991000150056695201200058199900150070100000278020200929150244.0000828r1999 ck a b 001 p spa  a9582003529 a9582000503 aDO-SdBNPbspacBNPHU a371.3bA573e1 aAndricaín, Sergio,d1956-9876410aEscuela y poesía :b¿ y qué hago con el poema? /cSergio Andricaín y Antonio Orlando Rodríguez. aBogotá :bMagisterio,c1999. a157 p. :bil. ;c21 cm. 0aMesa redonda ;v5998765 aIncluye referencias bibliográficas (p. 143-152). 4aPoesía hispanoamericanaxEnseñanza98766 4aArte de escribir poesía987671 aRodríguez, Antonio Orlando,d1956-98768 aEn proceso 001052708MOaGRbGRcHDd2009-07-06iLF1l0o371.3 A573ep2780-10r2020-06-25w2020-06-25y2ZPréstamo interno c2614d2614